• 首页
  • 本馆介绍
  • 公告通知
  • 最新文献
  • 馆藏检索
  • 电子资源
  • 读者导购
  • 参考咨询
  • 我的图书馆
  • 登录
  • 详细信息显示
  • 放入我的书架
  • 预约/预借图书
  • 作者相关作品
  • 分类相关作品
  • 丛书相关作品
  • 出版社相关作品

书目信息

  • 表格格式
  • 工作单格式
  • 卡片格式
题名:
图像时空论
    
 
作者: 刘斌 著
分册:  
出版信息: 济南   山东美术出版社  2006
页数: 105页
开本: 27cm
丛书名: 中国首届绘画博士班毕业论文集
单 册:
中图分类: J206.1
科图分类:
主题词: 绘画理论 , 构图学 , 绘画理论--构图学--对比研究--中国--西方国家
电子资源:
ISBN: 7-5330-2242-4
000 01014oam2 2200277 450
001 003244344
005 20070807170716.46
010    @a7-5330-2242-4@dCNY28.00
100    @a20060104d2006 em y0chiy0110 ea
101 0  @achi
102    @aCN@b370000
105    @aa z 000yy
200 1  @a图像时空论@9tu xiang shi kong lun@e中西绘画视觉差异及嬗变现象求解@f刘斌著
210    @a济南@c山东美术出版社@d2006
215    @a105页@c图@d27cm
225 2  @a中国首届绘画博士班毕业论文集
330    @a本书在我国首次全面、系统的从时空观、宇宙精神角度对中西艺术视觉图式进行探究,切中艺术创作的文化本质,揭示了一个新的课题。
461  0 @12001 @a中国首届绘画博士班毕业论文集
517 1  @a中西绘画视觉差异及嬗变现象求解@9zhong xi hui hua shi jue cha yi ji shan bian xian xiang qiu jie
606 0  @a绘画理论
606 0  @a构图学
606 0  @a绘画理论@x构图学@x对比研究@y中国@y西方国家
690    @aJ206.1@v4
701  0 @a刘斌@9liu bin@c(美术,@f1957.1~)@4著
801  0 @aCN@bNLC@c20070807
905    @a10447@dJ206.1@e561
    
    图像时空论:中西绘画视觉差异及嬗变现象求解/刘斌著.-济南:山东美术出版社,2006
    105页:图;27cm.-(中国首届绘画博士班毕业论文集)
    
    
    ISBN 7-5330-2242-4:CNY28.00
    本书在我国首次全面、系统的从时空观、宇宙精神角度对中西艺术视觉图式进行探究,切中艺术创作的文化本质,揭示了一个新的课题。
●
相关链接 在E读中查询图书 在五车中查询图书 在当当中查询图书 在豆瓣中查询图书


正题名:图像时空论     索取号:J206.1/561         预约/预借

序号 登录号 条形码 馆藏地/架位号 状态 备注
1 0809360   208093604   第一样本阅览室/ [索取号:J206.1/561] 在馆    
2 0809361   208093613   第一借阅区/ [索取号:J206.1/561] 在馆    
3 0809362   208093622   第一借阅区/ [索取号:J206.1/561] 在馆    
4 0809363   208093631   第一借阅区/ [索取号:J206.1/561] 在馆    
5 0809364   208093640   第一借阅区/ [索取号:J206.1/561] 在馆    
6 0809365   208093659   第一借阅区/ [索取号:J206.1/561] 在馆    
7 0809366   208093668   第一借阅区/ [索取号:J206.1/561] 在馆    
8 0809367   208093677   美术系资料室/ [索取号:J206.1/561] 在馆    
9 0809368   208093686   美术系资料室/ [索取号:J206.1/561] 在馆    
10 0809369   208093695   美术系资料室/ [索取号:J206.1/561] 在馆    
唐山师范学院图书馆 欢迎您!
大连网信软件有限公司© 版权所有